| 000 | 00768nam a22002177a 4500 | ||
|---|---|---|---|
| 003 | OSt | ||
| 005 | 20250901024729.0 | ||
| 008 | 250901b |||||||| |||| 00| 0 eng d | ||
| 020 | _a978-6214182527 | ||
| 040 |
_aDWC-Main Lib _cOC |
||
| 082 | _aFil. 305.3 F632g 2020 | ||
| 100 | _aFlorendo, Adelene Maghinay | ||
| 245 |
_aGender and society: _bwe are all equal/ _cAdelene Maghinay Florendo & Rizza Ruth Maghinay Florendo |
||
| 260 |
_aQuezon City, Philippines : _bWiseman's Books Trading, _cc2022. |
||
| 300 |
_axii,260 pages : _billustrations ; _c25cm. |
||
| 504 | _aIncludes bibliographical references. | ||
| 650 | _a1. Gender identity-- Social aspect. | ||
| 650 | _a2. Sex role. | ||
| 700 | _aFlorendo, Rizza Ruth Maghinay | ||
| 942 |
_2ddc _cBK - FIL _kFil. _n0 |
||
| 999 |
_c4415 _d4415 |
||